La pregunta como instrumento de lectura de narraciones (Record no. 171661)
[ view plain ]
| 000 -CABECERA | |
|---|---|
| campo de control de longitud fija | 02097nab a2200313 a 4500 |
| 005 - FECHA Y HORA DE LA ÚLTIMA TRANSACCIÓN | |
| campo de control | 20210219162206.0 |
| 008 - ELEMENTOS DE LONGITUD FIJA--INFORMACIÓN GENERAL | |
| campo de control de longitud fija | 991125s1985 mx 000 0 spa u |
| 035 ## - NÚMERO DE CONTROL DEL SISTEMA | |
| Número de control de sistema | UPN01000199560 |
| 049 ## - COLECCIÓN | |
| Colección | ART-E |
| 100 1# - ASIENTO PRINCIPAL--NOMBRE PERSONAL | |
| Nombre de persona | González García, Javier |
| 100 1# - ASIENTO PRINCIPAL--NOMBRE PERSONAL | |
| Filiación | jgarcia@uchceu.es |
| 222 ## - TÍTULO CLAVE | |
| Título clave | CONTEXTOS EDUCATIVOS : |
| Información calificativa | REVISTA DE EDUCACION |
| 245 ## - MENCIÓN DE TÍTULO | |
| Título | La pregunta como instrumento de lectura de narraciones |
| 260 ## - PUBLICACIÓN, DISTRIBUCIÓN, ETC. | |
| Lugar de publicación, distribución, etc. | España |
| 300 ## - DESCRIPCIÓN FÍSICA | |
| Extensión | 9-24 |
| 362 0# - FECHAS DE PUBLICACIÓN Y/O DESIGNACIÓN SECUENCIAL | |
| Fecha de publicación y/o designación secuencial | 2013 No. 16 |
| 336 ## - TIPO DE CONTENIDO | |
| Término de tipo de contenido | texto$2rdacontent |
| 337 ## - TIPO DE MEDIO | |
| Nombre/término del tipo de medio | computadora$2rdamedia |
| 338 ## - TIPO DE SOPORTE | |
| Nombre/término del tipo de soporte | recurso en linea$2rdacarrier |
| 520 3# - NOTA DE RESUMEN, ETC. | |
| Sumario, etc. | En este artículo se analiza el uso de las demandas de información o preguntas, en un proceso de discusión que cuatro maestras llevan a cabo con sus alumnos a partir de la lectura de tres cuentos. La muestra está compuesta por dos aulas de dos escuelas públicas de Burgos capital (España), y dos más en Tampico (México). En cada clase hemos observado seis grupos de discusión compuesto por tres niños. Para ello, se plantea un estudio exploratorio a partir de una observación sistemática. En primer lugar, se elabora una descripción cualitativa de secuencias didácticas que muestran ejemplos del proceso de elaboración de preguntas, para terminar analizando y comparando de forma cuantitativa la evolución en el uso de las preguntas. El conocimiento de la capacidad de respuesta que tiene el niño, ayuda al profesor a decidir el tipo de apoyo que necesitará en la comprensión de la narración. Los resultados apuntan a que la variedad en los tipos de preguntas facilita la recuperación y elaboración del discurso en los niños. El presente estudio tiene un diseño exploratorio, puesto que se recurrió a grupos de comparación y no a grupos de control. |
| 653 0# - TERMINO DE INDIZACION - NO CONTROLADO | |
| Término no controlado | NARRACION |
| 653 0# - TERMINO DE INDIZACION - NO CONTROLADO | |
| Término no controlado | METODOS EDUCATIVOS |
| 653 0# - TERMINO DE INDIZACION - NO CONTROLADO | |
| Término no controlado | CUENTOS INFANTILES |
| 653 0# - TERMINO DE INDIZACION - NO CONTROLADO | |
| Término no controlado | PREGUNTAS |
| 653 0# - TERMINO DE INDIZACION - NO CONTROLADO | |
| Término no controlado | SOLICITUD DE INFORMACION |
| 856 4# - LOCALIZACIÓN Y ACCESO ELECTRÓNICOS | |
| Identificador Uniforme del Recurso | <a href="https://publicaciones.unirioja.es/ojs/index.php/contextos/article/view/1287/1206">https://publicaciones.unirioja.es/ojs/index.php/contextos/article/view/1287/1206</a> |
| 905 ## - TIPO DE MATERIAL | |
| Tipo de material | Articulo |
No items available.
